Radiohead Song Titles by Initials - Statistics

General Stats
  • This quiz has been taken 1,186 times
    522 since last reset
  • The average score is 10 of 21
Answer Stats
Initials Song % Correct
C Creep
95%
J Just
82%
LD Let Down
75%
PA Paranoid Android
65%
FPT Fake Plastic Trees
61%
JFIP Jigsaw Falling into Place
58%
SS(FO) Street Spirit (Fade Out)
58%
A Airbag
49%
EM(FAF) Exit Music (For a Film)
48%
EIIRP Everything in its Right Place
47%
MPS Motion Picture Soundtrack
37%
TNA The National Anthem
37%
TLW True Love Waits
37%
TTSSRMPMBMT Tinker Tailor Soldier Sailor Rich Man Poor Man Beggar Man Thief
33%
LF Lotus Flower
32%
IMBW I Might Be Wrong
30%
SHA Subterranean Homesick Alien
30%
YAWA You and Whose Army
29%
CUTW Climbing Up the Walls
26%
HAD High and Dry
26%
PLSIACTB Packt Like Sardines in a Crushd Tin Box
21%
No matching quizzes found
Score Distribution
Percent of People with Each Score
Percentile by Number Answered
Your Score History
You have not taken this quiz since the last reset